| 000 | 00423nam a2200145 a 4500 | ||
|---|---|---|---|
| 001 | 226 | ||
| 003 | CDMR | ||
| 005 | 20151016130001.0 | ||
| 008 | 130130s1988||||||||||||||||||||||||||||d | ||
| 040 |
_aCDMR _bcat _cCDMR |
||
| 110 | 2 |
_9144 _aUniversitat Autònoma de Barcelona _b -- Facultat de Ciències de la Informació |
|
| 245 | 1 | 0 | _aAnuari curs 1988-89 |
| 260 |
_aBarcelona _c1988 _bUniversitat Autònoma de Barcelona |
||
| 942 | _cMON | ||
| 999 |
_c226 _d226 |
||